[Event "Solingen op-B"]
[Site "Solingen"]
[Date "2005.05.26"]
[Round "1"]
[White "Reiz, Uwe"]
[Black "Duexmann, Marcel"]
[Result "1-0"]
[WhiteElo "1708"]
[BlackElo "1060"]
[PlyCount "121"]
[EventDate "2005.05.26"]
[EventType "swiss"]
[EventRounds "7"]
[EventCountry "GER"]
[SourceTitle "EXT 2006"]
[Source "ChessBase"]
[SourceDate "2005.11.24"]
[SourceVersion "1"]
[SourceVersionDate "2005.11.24"]
[SourceQuality "1"]

1. e4 e5 2. Nc3 Bc5 3. Bc4 Nf6 4. d3 d6 5. Bg5 c6 6. Nf3 0-0 7. h3 a5 8. a3 Re8 9. 0-0 Be6 10. Bxe6 Rxe6 11. Ne2 d5 12. Ng3 Nbd7 13. Qd2 Qc7 14. c3 dxe4 15. dxe4 Be7 16. Qe2 Rd8 17. Rfd1 Nc5 18. b4 Rxd1+ 19. Rxd1 axb4 20. axb4 Na4 21. Qc2 b5 22. Nf5 Bd6 23. Bxf6 Rxf6 24. Qd2 Bf8 25. Qd8 Qxd8 26. Rxd8 g6 27. Nh6+ Kg7 28. Ng4 Rd6 29. Rxd6 Bxd6 30. Ngxe5 Bxe5 31. Nxe5 Nxc3 32. f3 Ne2+ 33. Kf2 Nd4 34. Nd3 f5 35. Ke3 Ne6 36. exf5 gxf5 37. Ne5 c5 38. bxc5 b4 39. c6 b3 40. Kd2 Kf6 41. Nd7+ Ke7 42. Kc3 Kd6 43. Kxb3 Nd4+ 44. Kc4 Nxc6 45. Nf6 h6 46. f4 Ne5+ 47. Kd4 Ng6 48. g3 Ke6 49. Nh5 Kf7 50. Kd5 Ne7+ 51. Ke5 Kg6 52. g4 fxg4 53. hxg4 Kf7 54. f5 Ng8 55. f6 Nxf6 56. Nxf6 Kg6 57. Ke6 Kg5 58. Kf7 h5 59. gxh5 Kh6 60. Kg8 Kg5 61. Kg7 1-0

[Event "GER-ch Army 15th"]
[Site "Stadtallendorf"]
[Date "2004.??.??"]
[Round "2"]
[White "Reiz, Uwe"]
[Black "Nill, Oliver"]
[Result "0-1"]
[WhiteElo "1761"]
[BlackElo "2225"]
[PlyCount "46"]
[EventDate "2004.05.10"]
[EventType "swiss"]
[EventRounds "6"]
[EventCountry "GER"]
[SourceTitle "EXT 2006"]
[Source "ChessBase"]
[SourceDate "2005.11.24"]
[SourceVersion "1"]
[SourceVersionDate "2005.11.24"]
[SourceQuality "1"]

1. e4 g6 2. d4 Bg7 3. Be3 d6 4. Nf3 Nf6 5. Nbd2 0-0 6. c3 Nbd7 7. Be2 e5 8. Rc1 Qe7 9. 0-0 c6 10. Qc2 h6 11. a4 Ng4 12. b4 Ndf6 13. c4 Nxe3 14. fxe3 h5 15. h3 Re8 16. d5 Bd7 17. Qb3 Rac8 18. a5 Bh6 19. c5 dxc5 20. Rxc5 cxd5 21. Rxd5 Nxd5 22. exd5 e4 23. Nd4 Qg5 0-1

[Event "GER-ch Army 15th"]
[Site "Stadtallendorf"]
[Date "2004.??.??"]
[Round "4"]
[White "Reiz, Uwe"]
[Black "Volker, Franz"]
[Result "1-0"]
[WhiteElo "1761"]
[BlackElo "1375"]
[PlyCount "71"]
[EventDate "2004.05.10"]
[EventType "swiss"]
[EventRounds "6"]
[EventCountry "GER"]
[SourceTitle "EXT 2006"]
[Source "ChessBase"]
[SourceDate "2005.11.24"]
[SourceVersion "1"]
[SourceVersionDate "2005.11.24"]
[SourceQuality "1"]

1. e4 e5 2. Nc3 Nf6 3. f4 exf4 4. Nf3 d6 5. d4 Be7 6. Bxf4 Bg4 7. Bc4 Nbd7 8. 0-0 0-0 9. Qd3 Bxf3 10. Rxf3 Nb6 11. Bb3 c5 12. a4 Rc8 13. dxc5 dxc5 14. Qe2 Qd7 15. a5 Na8 16. e5 Nh5 17. Be3 Qg4 18. e6 f6 19. Ra4 Qg6 20. Rh3 Nc7 21. Qxh5 Qxh5 22. Rxh5 Rfe8 23. Re4 g5 24. Ba4 Red8 25. Bd7 Rb8 26. h4 h6 27. Rxh6 Kg7 28. hxg5 fxg5 29. Rh3 Rh8 30. Rxh8 Rxh8 31. Re5 Kg6 32. Nd5 Nxd5 33. Rxd5 b6 34. axb6 axb6 35. Bxg5 Bxg5 36. Rxg5+ 1-0